000 00633nam a2200217Ia 4500
003 OSt
005 20250828111702.0
008 241004s9999 xx 000 0 und d
020 _a9781032203195
037 _aTextbook
040 _aARTS
_beng
_cARTS
041 _aeng
_2eng
084 _aT4.273 R1
_qARTS
100 _aBhushan Sudhanshu Au.
_9724711
245 _aGovernance of higher education in Bihar: influence of power centers
_cBhushan Sudhanshu Au.
260 _aUK
_bLodon Routledge
_c2021
300 _axvii,248p.
365 _aINR
_b995
942 _cTB
_hT4.273 R1
_2CC
_n0
999 _c1218865
_d1218865